Noch weht Preussens Fahne; (Record no. 6318)

MARC details
000 -LEADER
fixed length control field 00596cam a22002051 4500
001 - CONTROL NUMBER
control field af 48005025
003 - CONTROL NUMBER IDENTIFIER
control field DLC
005 - DATE AND TIME OF LATEST TRANSACTION
control field 20260227110911.0
008 - FIXED-LENGTH DATA ELEMENTS--GENERAL INFORMATION
fixed length control field 890321s1942 pl c 000 1 ger c
010 ## - LIBRARY OF CONGRESS CONTROL NUMBER
LC control number af 48005025
035 ## - SYSTEM CONTROL NUMBER
System control number (OCoLC)19410819
040 ## - CATALOGING SOURCE
Original cataloging agency Yale Univ. Library
Transcribing agency CU
Modifying agency DLC
042 ## - AUTHENTICATION CODE
Authentication code premarc
050 00 - LIBRARY OF CONGRESS CALL NUMBER
Classification number PT2603.A62
Item number N6
100 1# - MAIN ENTRY--PERSONAL NAME
Personal name Bartsch, Heinrich
Titles and words associated with a name (Novelist)
245 10 - TITLE STATEMENT
Title Noch weht Preussens Fahne;
Remainder of title historischer Roman.
260 ## - PUBLICATION, DISTRIBUTION, ETC.
Place of publication, distribution, etc. Breslau,
Name of publisher, distributor, etc. E. Grosse
Date of publication, distribution, etc. [1942]
300 ## - PHYSICAL DESCRIPTION
Extent 334 p.
Other physical details port.
Dimensions 21 cm.
600 10 - SUBJECT ADDED ENTRY--PERSONAL NAME
Personal name Goetzen, Friedrich,
Titles and other words associated with a name Graf von,
Dates associated with a name 1767-1820
Form subdivision Fiction.

No items available.

Powered by Koha